| 000 | 01149nam a22003017a 4500 | ||
|---|---|---|---|
| 005 | 20240530110343.0 | ||
| 008 | 141124s2010 ua db gr 000 0 ara d | ||
| 017 |
_a18413/2003 _2مصر . دار الكتب المصرية |
||
| 040 | _aEG-CaGPL | ||
| 041 | 0 | _aara | |
| 082 | 0 | 4 |
_221 _a930.1\ _bق/ع ح |
| 100 | 0 | _aعزت زكى حامد قادوس | |
| 245 | 1 |
_aالحفائر الاثرية / _cعزت زكى حامد قادوس |
|
| 250 | _aط 1 | ||
| 260 |
_aالاسكندرية : _bدار المعرفة الجامعية ، _c2010 |
||
| 260 |
_aالقاهرة : _bدار البستانى للنشر والتوزيع ، _c2010 |
||
| 300 |
_a480 ص : _bايض ؛ _c24 سم |
||
| 504 | _aببليوجرافية : ص 385 - 412 | ||
| 650 | 0 | 4 |
_aالحفريات الاثرية _zمصر |
| 650 | 0 | 4 |
_aالاثار _xترميم |
| 650 | 0 | 4 | _aعلم الاثار |
| 650 | 0 | 4 |
_aعلم الحفائر _xالمقابر |
| 650 | 0 | 4 | _aالمقابر الاثرية |
| 651 | 0 | 4 |
_aمصر _xالاثار الفرعونية |
| 651 | 0 | 4 |
_aمصر _xالاثار اليونانية |
| 942 |
_2ddc _cBK |
||
| 999 |
_c59927 _d59927 |
||